Latin : tous les temps de amo - Statistiques

Statistiques générales
  • Ce quiz a été pris 11 fois
  • Le résultat moyen est 64 sur 144
Statistiques - réponses
Hint Réponse % Correct
Impératif présent actif ama
100%
amamus
100%
amant
100%
amas
100%
Présent actif amo
100%
amamini
83%
amamur
83%
amantur
83%
Infinitif présent passif amari
83%
amaris/re
83%
amat
83%
amatis
83%
amatu
83%
amatur
83%
Présent passif amor
83%
Imparfait actif amabam
67%
amabas
67%
Impératif présent passif | Infinitif présent actif amare
67%
Participe parfait passif amatus, a, um
67%
amatus, a, um es
67%
Parfait passif amatus, a, um sum
67%
amabamini
50%
amabamur
50%
amabamus
50%
amabant
50%
amabantur
50%
Imparfait passif amabar
50%
amabaris/re
50%
amabat
50%
amabatis
50%
amabatur
50%
amabimus
50%
amabis
50%
amabit
50%
amabitis
50%
Futur actif amabo
50%
Futur passif amabor
50%
amabunt
50%
amabuntur
50%
amate
50%
amati, ae, a estis
50%
amati, ae, a sumus
50%
amati, ae, a sunt
50%
Supin amatum
50%
amatus, a, um est
50%
amauerunt/ere
50%
Parfait actif amaui
50%
amauimus
50%
amauisti
50%
amauistis
50%
amauit
50%
Subjonctif présent passif amer
50%
Gérondif (ad) amandum
33%
amandi
33%
amando
33%
amanto
33%
amantor
33%
Subjonctif imparfait actif amarem
33%
amaremini
33%
amaremur
33%
amaremus
33%
amarent
33%
amarentur
33%
Subjonctif imparfait passif amarer
33%
amareris/re
33%
amares
33%
amaret
33%
amaretis
33%
amaretur
33%
amati, ae, a, eramus
33%
amati, ae, a erant
33%
amati, ae, a eratis
33%
amati, ae, a erimus
33%
amati, ae, a erint
33%
amati, ae, a eritis
33%
amati, ae, a simus
33%
amati, ae, a sint
33%
Impératif futur actif amato
33%
Impératif futur passif amator
33%
amatote
33%
Infinitif parfait passif amatum, am, um esse
33%
Infinitif futur passif amatum, am, um iri
33%
Infinitif futur actif amaturum, am, um esse
33%
Plus-que-parfait passif amatus, a, um eram
33%
amatus, a, um eras
33%
amatus, a, um erat
33%
amatus, a, um eris
33%
amatus, a, um erit
33%
Futur antérieur passif amatus, a, um ero
33%
Subjonctif plus-que-parfait passif amatus, a, um essem
33%
Subjonctif parfait passif amatus, a, um sim
33%
amatus, a, um sis
33%
amatus, a, um sit
33%
Plus-que-parfait actif amaueram
33%
amaueramus
33%
amauerant
33%
amaueras
33%
amauerat
33%
amaueratis
33%
Subjonctif parfait actif amauerim
33%
amauerimus
33%
amauerint
33%
amaueris
33%
amauerit
33%
amaueritis
33%
Futur antérieur actif amauero
33%
Infinitif parfait actif amauisse
33%
Subjonctif plus-que-parfait actif amauissem
33%
amauissemus
33%
amauissent
33%
amauisses
33%
amauisset
33%
amauissetis
33%
Subjonctif présent actif amem
33%
amemini
33%
amemur
33%
amemus
33%
ament
33%
amentur
33%
ameris/re
33%
ames
33%
amet
33%
ametis
33%
ametur
33%
Adjectif verbal amandus, a, um
17%
amati, ae, a essemus
17%
amati, ae, a essent
17%
amati, ae, a essetis
17%
amatus, a, um esses
17%
amatus, a, um esset
17%
Participe présent actif amans, antis
0%
Aucun quiz correspondant
Distribution des résultats
% des personnes avec chaque résultat
Percentile par nombre de réponses
Votre historique - résultats
Vous n’avez pas pris ce quiz